Museum skepticism : a history of the display of art in public galleries

Αποθηκεύτηκε σε:
Λεπτομέρειες βιβλιογραφικής εγγραφής
Κύριος συγγραφέας: Carrier, David 1944-
Μορφή: Βιβλίο
Γλώσσα:English
Δημοσίευση: Durham : Duke University Press, c2006
Θέματα:
Ετικέτες: Προσθήκη ετικέτας
Δεν υπάρχουν, Καταχωρήστε ετικέτα πρώτοι!

MARC

LEADER 00000nam a2200000 i 4500
001 1/72248
008 080124s2006 eng d
020 |a 978-0-8223-3694-5 
035 |l 10094097 
040 |a GR-MY-UA  |b gre  |e aacr 
041 0 |a eng 
082 0 |a 708.009  |2 (22) 
100 1 |a Carrier, David  |d 1944- 
245 1 0 |a Museum skepticism :  |b a history of the display of art in public galleries /  |c David Carrier 
260 |a Durham :   |b Duke University Press,   |c c2006 
300 |a xiii, 313 σ.;  |b εικ.;  |c 24 εκ. 
504 |a Βιβλιογραφία: σ. [269]-304. Ευρετήριο 
650 0 0 |a Art museums  |x Social aspects. 
650 0 0 |a Art museums  |x Philosophy. 
650 0 0 |a Art  |x Exhibition techniques. 
852 |a INST  |b SYROS  |e 20080124  |h 708.009 CAR  |p 005500006645  |q 005500006645  |t BK  |y 0 
901 |a BIBL5-2008-1 
909 |a Ε  |b 133432 
922 |a 5ΕΛΗ  |b 200709  |c ΒΙΒΛΙΟΘΗΚΗ ΣΥΡΟΥ  |d GLORYBOOK 
970 |a ΚΑΓΙΑΒΑ  |b ΕΙΡΗΝΗ  |z 2008/01/24